| 000 | 00817cam a2200313Ma 4500 | ||
|---|---|---|---|
| 001 | 74408 | ||
| 005 | 20230410130935.0 | ||
| 008 | 051213s2004 sp 000 1 spa d | ||
| 035 | _a(OCoLC)ocn224905767 | ||
| 040 |
_aAU@ _cAU@ _dOCLCG |
||
| 020 | _a8466302298 | ||
| 020 | _a9788466302296 | ||
| 035 | _a(OCoLC)224905767 | ||
| 041 | 0 | _aspa | |
| 049 | _aGRAL | ||
| 050 | 1 | 4 |
_aPQ 8498.32 _bV297t 2004 |
| 100 | 1 |
_aVargas Llosa, Mario, _d1936- |
|
| 245 | 1 | 3 |
_aLa tía Julia y el escribidor / _cMario Vargas Llosa. |
| 250 | _a7a ed. | ||
| 260 |
_aMadrid : _bPunto de lectura, _c2004. |
||
| 300 |
_a563 p. ; _c18 cm. |
||
| 546 | _aIn Spanish. | ||
| 650 | 0 | _aSpanish fiction. | |
| 650 | 4 | _aNovela peruana. | |
| 650 | 4 | _aNovela amorosa peruana. | |
| 942 |
_2lcc _cbk |
||
| 994 |
_aC0 _bDRFGD |
||
| 946 | _aRCH | ||
| 999 |
_c83168 _d83168 |
||